000 01294nam a22002297a 4500
999 _c57239
_d57239
003 Ge_BSU
005 20200127112316.0
008 200127s2004 ||||| |||| 00| 0 geo d
041 _ageo
080 _a347.95 ბ-78
100 _aბოელინგი, ჰაინ.
_96386
245 _aსამოქალაქო საქმეებზე სასამართლო გადაწყვეტილებათა მიღების მეთოდიკა=Die Arbeitsmethode des Richters im Zivilprozess /
_cჰაინ ბოელინგი ; ლადო ჭანტურია ; რედ. სოფიო ჩაჩავა.
250 _aმე-2 გამოც.
264 _aთბილისი :
_bჯისიაი,
_c2004.
300 _a272 გვ. ;
_c21 სმ.
504 _aბიბლიოგრ. ტექსტის შენიშვნ
653 _aსამოქალაქო საქმეებზე სასამართლო გადაწყვეტილებათა მიღება
653 _aსამართალი
700 _a ჭანტურია, ლადო
_96387
700 _a ჩაჩავა, სოფიო
_eრედაქტორი
_96388
942 _2udc
_cBK